Thị trường chứng khoán : Dành cho những người mới bắt đầu /
Gespeichert in:
| 1. Verfasser: | |
|---|---|
| Weitere Verfasser: | |
| Format: | Sách giấy |
| Sprache: | Vietnamese |
| Veröffentlicht: |
H. :
Thống kê,
2001.
|
| Schlagworte: | |
| Tags: |
Tag hinzufügen
Keine Tags, Fügen Sie den ersten Tag hinzu!
|
| Thư viện lưu trữ: | Thư viện Trường Đại học Đà Lạt |
|---|
| LEADER | 00797nam a2200301 4500 | ||
|---|---|---|---|
| 001 | DLU030020681 | ||
| 003 | ##DLU | ||
| 005 | ##20021230 | ||
| 008 | ##021230t vn z000 vie d | ||
| 040 | # | # | |a DLU |b vie |
| 041 | # | # | |a vie |
| 044 | # | # | |a vn |
| 082 | # | # | |a 333.6 |b NG-D |
| 100 | # | # | |a Nguyễn Anh Dũng. |
| 245 | # | # | |a Thị trường chứng khoán : |b Dành cho những người mới bắt đầu / |c Nguyễn Anh Dũng, Tạ Văn Hùng. |
| 260 | # | # | |a H. : |b Thống kê, |c 2001. |
| 300 | # | # | |a 367 tr. ; |c 20 cm. |
| 653 | # | # | |a Thị trường chứng khoán |
| 700 | # | # | |a Tạ Văn Hùng. |
| 992 | # | # | |a 34000 |
| 994 | # | # | |a DLU |
| 900 | # | # | |a True |
| 911 | # | # | |a Phan Ngọc Đông |
| 925 | # | # | |a G |
| 926 | # | # | |a A |
| 927 | # | # | |a SH |
| 980 | # | # | |a Thư viện Trường Đại học Đà Lạt |